000
00418nam a2200145Ia 4500
008
100204s9999 xx 000 0 und d
082
_b
9444
100
_a
मेहता शशिकला
245
_a
मनस्विनी
260
_b
नवचैतन्य प्रकाशन
_c
1987
300
_a
203
630
_a
मनस्विनी
730
_a
मनस्विनी
942
_c
BOOK
999
_c
453880
_d
453877